000 01131nam a2200301Ia 4500
008 130821s1995 ag gr spa
020 _a9501270254
040 _aCo-BoUCM
_bspa
041 _aspa
111 _aEncuentro Internacional de Redes Sociales (1 : 1993 oct. 4-9 : Buenos Aires)
_9156246
245 0 _aRedes El lenguaje de los vínculos, hacia la reconstrucción y el fortalecimiento de la sociedad civil
_cCompiladoras Elisa Dabas; Denise Najmanovick
250 _a1a. ed.
260 _aBuenos Aires (Argentina)
_bPaidós
_c1995
300 _a455 páginas
490 _aPaidós Ideas y Perspectivas
504 _aIncluye índice
650 0 4 _aAdministración pública
_9355
650 0 4 _aDesarrollo comunitario
_912933
650 0 4 _aInteracción social
_917855
650 0 4 _aRedes sociales
_923250
650 0 4 _aRelaciones sociales
_923475
650 0 4 _aServicio social
_924275
650 0 4 _aServicios sociales
_924343
700 1 _aDabas, Elisa
_eComp
_9156247
700 1 _aMajmanovick, Denise
_eComp
_9156248
942 _cLIBRO
_a16
_e1
_mE52
_2DEWEY
_h361.4
999 _c17822
_d17822